| 000 | 00680nam a2200229 a 4500 | ||
|---|---|---|---|
| 999 |
_c10823 _d10823 |
||
| 001 | 10823 | ||
| 003 | BD-JhCC | ||
| 005 | 20220623134023.0 | ||
| 008 | 190513b19922014bg |||| ||a| 000 0 ben d | ||
| 020 | _a9789848933510 | ||
| 035 | _a(BD-JhCC)10823 | ||
| 040 |
_aBD-JhCC _dBD-JhCC |
||
| 041 | _aben | ||
| 082 |
_a891.433 _bAHM 2014 |
||
| 100 | _aআহমেদ, হুমায়ূন | ||
| 245 |
_aদরজার ওপাশে / _cহুমায়ূন আহমেদ । |
||
| 260 |
_aঢাকা, _bজ্ঞানকোষ প্রকাশনী ; _c2014. |
||
| 300 |
_a117 p. : _c22 cm. |
||
| 650 | _aBengli Novel | ||
| 942 |
_2ddc _cBK _016 |
||